| 000 | 00610nam a2200205Ia 4500 | ||
|---|---|---|---|
| 999 |
_c47397 _d47397 |
||
| 001 | 14259 | ||
| 003 | GE_BSU | ||
| 005 | 20221121145741.0 | ||
| 008 | 181216s1994||||enk|||||||||||||| ||eng|| | ||
| 020 | _a0946819416x | ||
| 040 | _cGE_BSU | ||
| 041 | _aeng | ||
| 080 | _a646/649 J-22 | ||
| 100 |
_aJames, David _915970 |
||
| 245 |
_aUpholstery Techniques & Projects / _cWritten and Illustrated by David James. |
||
| 264 |
_aLondon : _bGuild of master craftsman publications, _c1994. |
||
| 300 |
_a239 p.: _bill.; _c28 cm. |
||
| 653 | _aტექნიკა ტექოლოგიები | ||
| 942 |
_cBK _2udc |
||